000 00378nam a2200157Ia 4500
003 GCL
008 140319s9999 xx 000 0 ara d
040 _aGCL /
_cGCL
082 0 4 _aق
_b916.621
_bم ن
100 1 _aمحمد صبيح
245 1 0 _aالنيل /
_cمحمد صبيح
300 _a191
490 _a100 قصة
_v0
650 0 4 _aنهر النيل
942 _2ddc
_cBK
999 _c44325
_d44325